Digital Signal Processing (Record no. 196530)

MARC details
000 -LEADER
fixed length control field 00620 a2200193 4500
005 - DATE AND TIME OF LATEST TRANSACTION
control field 20230714121325.0
010 ## - LCCN (DPL NO)
LC control number ENG-137388
020 ## - INTERNATIONAL STANDARD BOOK NUMBER
International Standard Book Number 9789380831046
Terms of availability 820.00
035 ## - SYSTEM CONTROL NUMBER
System control number EN-137388
037 ## - SOURCE OF ACQUISITION
Source of stock number/acquisition DBAD/Pub
082 14 - DEWEY DECIMAL CLASSIFICATION NUMBER
Classification number 621.3822
100 1# - MAIN ENTRY--PERSONAL NAME
Personal name Bhushan .K
245 1# - TITLE STATEMENT
Title Digital Signal Processing
Statement of responsibility, etc K. Bhushan [and] B.Srinivas
260 ## - PUBLICATION, DISTRIBUTION, ETC. (IMPRINT)
Place of publication, distribution, etc Hyderabad
Name of publisher, distributor, etc SevenHills International Publishers
Date of publication, distribution, etc 2023
270 ## - ADDRESS
Address 7-1-277/242, 2nd floor near B K Guda Park, S R Nagar
City Hyderabad
Postal code 500 038
300 ## - PHYSICAL DESCRIPTION
Extent xxviii, 422p.;
Dimensions 25(pbk)
700 ## - ADDED ENTRY--PERSONAL NAME
Personal name Srinivas, B.
942 ## - ADDED ENTRY ELEMENTS (KOHA)
Item type English Books
Source of classification or shelving scheme Dewey Decimal Classification
Classification part 621.3822
Call number suffix BHU
Edition First
Holdings
Withdrawn status Lost status Not for loan Collection code Home library Current library Date acquired Source of acquisition Cost, normal purchase price Full call number Barcode Copy number Cost, replacement price Koha item type
      Non-fiction Narela Narela 14/07/2023 DBAD/PUB 820.00 621.3822 BHU EN-120920 1 820.00 English Books

© Delhi Public Library
Hit Counter
free hit counter